Welcome to CU Library Online Public Access Catalogue (OPAC)

Building a church of small groups : (Record no. 6172)

MARC details
000 -LEADER
fixed length control field 00963cam a22002414a 4500
001 - CONTROL NUMBER
control field 12452992
005 - DATE AND TIME OF LATEST TRANSACTION
control field 20250603084503.0
008 - FIXED-LENGTH DATA ELEMENTS--GENERAL INFORMATION
fixed length control field 010626s2001 miu b 000 0 eng
020 ## - INTERNATIONAL STANDARD BOOK NUMBER
International Standard Book Number 0310240352 (alk. paper)
050 00 - LIBRARY OF CONGRESS CALL NUMBER
Classification number BV652.2
Item number .D65 2001
082 00 - DEWEY DECIMAL CLASSIFICATION NUMBER
Classification number 253/.7
Edition information 21
100 1# - MAIN ENTRY--PERSONAL NAME
Personal name Donahue, Bill,
Dates associated with a name 1958-
245 10 - TITLE STATEMENT
Title Building a church of small groups :
Remainder of title a place where nobody stands alone /
Statement of responsibility, etc. Bill Donahue, Russ Robinson.
260 ## - PUBLICATION, DISTRIBUTION, ETC.
Place of publication, distribution, etc. Grand Rapids, Mich. :
Name of publisher, distributor, etc. Zondervan,
Date of publication, distribution, etc. c2001.
300 ## - PHYSICAL DESCRIPTION
Extent 219 p. ;
Dimensions 24 cm.
650 #0 - SUBJECT ADDED ENTRY--TOPICAL TERM
Topical term or geographic name entry element Church group work.
650 #0 - SUBJECT ADDED ENTRY--TOPICAL TERM
Topical term or geographic name entry element Small groups
General subdivision Religious aspects
-- Christianity.
700 1# - ADDED ENTRY--PERSONAL NAME
Personal name Robinson, Russ.
856 42 - ELECTRONIC LOCATION AND ACCESS
Materials specified Publisher description
Uniform Resource Identifier <a href="http://www.loc.gov/catdir/enhancements/fy0633/2001026969-d.html">http://www.loc.gov/catdir/enhancements/fy0633/2001026969-d.html</a>
856 41 - ELECTRONIC LOCATION AND ACCESS
Materials specified Table of contents only
Uniform Resource Identifier <a href="http://www.loc.gov/catdir/enhancements/fy0633/2001026969-t.html">http://www.loc.gov/catdir/enhancements/fy0633/2001026969-t.html</a>
856 41 - ELECTRONIC LOCATION AND ACCESS
Materials specified Sample text
Uniform Resource Identifier <a href="http://www.loc.gov/catdir/enhancements/fy0642/2001026969-s.html">http://www.loc.gov/catdir/enhancements/fy0642/2001026969-s.html</a>
942 ## - ADDED ENTRY ELEMENTS (KOHA)
Source of classification or shelving scheme Library of Congress Classification
Koha item type Books
Suppress in OPAC No
999 ## -
-- 6172
-- 6172
Holdings
Withdrawn status Lost status Source of classification or shelving scheme Damaged status Not for loan Collection Home library Current library Shelving location Date acquired Total checkouts Full call number Barcode Date last seen Copy number Price effective from Koha item type
    Library of Congress Classification     Non-fiction Undergraduate Library (Christ Temple) Undergraduate Library (Christ Temple) General stacks 06/03/2025   BV652.2 DON ulct00002884 06/03/2025 1 06/03/2025 Books
    Library of Congress Classification     Non-fiction Undergraduate Library (Christ Temple) Undergraduate Library (Christ Temple) General stacks 06/03/2025   BV652.2 DON ulct00002885 06/03/2025 2 06/03/2025 Books
© 2023-2024 Copyright: Central University Libraries. All Rights Reserved | Created by: Mahone Tech Office